Catalog

Record Details

Catalog Search



Available copies

  • 3 of 3 copies available at LARL/NWRL Consortium. (Show)
  • 2 of 2 copies available at Lake Agassiz Regional Library.

Current holds

0 current holds with 3 total copies.

Show Only Available Copies
Location Call Number / Copy Notes Barcode Shelving Location Status Due Date
Crookston Public Library J NAY (Text) 33500012161618 Main Available -
Fosston Public Library J NAY (Text) 33500012161626 Main Available -

Record details

  • ISBN: 9781481441513 (hardcover)
  • ISBN: 9781481441537 (pbk.)
  • ISBN: 1481441531 (pbk.)
  • ISBN: 1481441515 (hardcover)
  • Physical Description: pages cm
  • Edition: First edition.
  • Publisher: New York : Atheneum Books for Young Readers, 2015.

Content descriptions

Summary, etc.:
"Marty and his best friend, Shiloh are on another ... Read More
Subject: Dogs > Fiction.
Family life > West Virginia > Fiction.
Clergy > Fiction.
Prejudices > Fiction.
Christmas > Fiction.
West Virginia > Fiction.
LDR 01856cam a22004698i 4500
001189039
003LARL_NWRL_CONSORTIUM
00520150831095630.0
008141023s2015 nyu c 000 1 eng
010 . ‡a2014040082
020 . ‡a9781481441513 (hardcover)
020 . ‡a9781481441537 (pbk.)
020 . ‡a1481441531 (pbk.)
020 . ‡z9781481441544 (ebook)
020 . ‡a1481441515 (hardcover)
035 . ‡a(OCoLC)893721608
040 . ‡aDLC ‡beng ‡erda ‡cDLC ‡dBDX
042 . ‡apcc ‡alcac
05000. ‡aPZ7.N24 ‡bSgc 2015
08200. ‡a[Fic] ‡223
1001 . ‡aNaylor, Phyllis Reynolds. ‡0(LARL_NWRL_CONSORTIUM)56312
24512. ‡aA Shiloh Christmas ‡n#4 / ‡cPhyllis Reynolds Naylor.
250 . ‡aFirst edition.
264 1. ‡aNew York : ‡bAtheneum Books for Young Readers, ‡c2015.
300 . ‡apages cm
336 . ‡atext ‡2rdacontent
337 . ‡aunmediated ‡2rdamedia
338 . ‡avolume ‡2rdacarrier
4900 . ‡aShiloh dog ; ‡v4
520 . ‡a"Marty and his best friend, Shiloh are on another adventure. Marty learns when a secret is too dangerous to keep, and that hate can spread like fire"-- ‡cProvided by publisher.
650 1. ‡aDogs ‡vFiction. ‡0(LARL_NWRL_CONSORTIUM)164539
650 1. ‡aFamily life ‡zWest Virginia ‡vFiction.
650 1. ‡aClergy ‡vFiction. ‡0(LARL_NWRL_CONSORTIUM)16972
650 1. ‡aPrejudices ‡vFiction. ‡0(LARL_NWRL_CONSORTIUM)166648
650 1. ‡aChristmas ‡vFiction. ‡0(LARL_NWRL_CONSORTIUM)175931
651 1. ‡aWest Virginia ‡vFiction. ‡0(LARL_NWRL_CONSORTIUM)167960
901 . ‡a189039 ‡bOCLC ‡c189039 ‡tbiblio

Additional Resources